Statistics for 2022-2023 Serie A Teams Quiz

Click here to take the quiz!

General Stats

  • This quiz has been taken 106 times
  • The average score is 17 of 20

Answer Stats

Team% Correct
AC Milan
100%
Inter Milan
99%
Juventus
98%
Napoli
97%
Lazio
95%
Roma
95%
Atalanta
89%
Sassuolo
87%
Fiorentina
86%
Bologna
85%
Torino
85%
Sampdoria
82%
Udinese
80%
Lecce
78%
Monza
74%
Salernitana
72%
Spezia
71%
Cremonese
68%
Empoli
67%
Hellas Verona
67%

Score Distribution

Percentile by Number Answered

Percent of People with Each Score

Your Score History

You have not taken this quiz